Medgyesegyháza a csehszlovák-magyar lakosságcsere tükrében

Elmentve itt :
Bibliográfiai részletek
Szerző: Bagyinszky Marianna
Dokumentumtípus: Cikk
Megjelent: Belvedere Meridionale Szeged 2007
Sorozat:Belvedere Meridionale 19 No. 5-8
Kulcsszavak:Lakosságcsere - magyar-csehszlovák, Medgyesegyháza története - 20. sz.
Tárgyszavak:
Online Access:http://acta.bibl.u-szeged.hu/5125
LEADER 00794nab a2200193 i 4500
001 acta5125
005 20250724084116.0
008 161015s2007 hu o 000 hun d
040 |a SZTE Egyetemi Kiadványok Repozitórium  |b hun 
041 |a hun 
100 1 |a Bagyinszky Marianna 
245 1 0 |a Medgyesegyháza a csehszlovák-magyar lakosságcsere tükrében  |h [elektronikus dokumentum] /  |c  Bagyinszky Marianna 
260 |a Belvedere Meridionale  |b Szeged  |c 2007 
300 |a 94-131 
490 0 |a Belvedere Meridionale  |v 19 No. 5-8 
650 4 |a Bölcsészettudományok 
650 4 |a Történettudomány és régészet 
695 |a Lakosságcsere - magyar-csehszlovák, Medgyesegyháza története - 20. sz. 
856 4 0 |u http://acta.bibl.u-szeged.hu/5125/1/belvedere_2007_005_008_094-131.pdf  |z Dokumentum-elérés